000 00866nam a2200289 a 4500
003 BLK
005 20250624161531.0
008 181108b bu o|||gr|||| 00| p bu d
020 _a9786192365646
040 _aBLK
041 _aBUL
_cBUL
080 _aБългарска литература
_b821.163.2
_z821.163.2-94
100 _aТахсинов, Толга Джошкунов
_9498314
139 _bТ 39
245 _aМеланхолик
_cТолга Тахсинов
260 _9220221
_aПловдив
_bFastPrintBooks
_c2024
_n978-619-7312- ; 978-619-7034-
300 _a160 с.
_c21 см
380 _aX
856 _i0.00
_ldisable
942 _cKNG
_n0
_s1
_02
944 _cНора Радева
_k30540
_lСевдалина Тодорова
999 _c537754
_d537754
999 _d537754
999 _d537748
999 _d537739
999 _d537736
999 _d537731